2019-20 NBA Points Per Game Leaders - Statistics

General Stats
  • This quiz has been taken 38 times
  • The average score is 16 of 25
Answer Stats
PPG Answer % Correct
34.3 James Harden
100%
25.3 LeBron James
100%
26.1 Anthony Davis
91%
29.5 Giannis Antetokounmpo
91%
28.8 Luka Doncic
91%
30.0 Damian Lillard
85%
27.2 Russell Westbrook
85%
23.4 Jayson Tatum
79%
27.1 Kawhi Leonard
79%
30.5 Bradley Beal
76%
26.6 Devin Booker
76%
20.4 Kemba Walker
70%
29.6 Trae Young
64%
25.5 Zach LaVine
64%
24.0 Donovan Mitchell
61%
22.1 DeMar DeRozan
58%
22.9 Pascal Siakam
58%
22.2 CJ McCollum
52%
20.9 Khris Middleton
52%
23.8 Brandon Ingram
45%
20.4 Kristaps Porzingis
39%
21.1 De'Aaron Fox
30%
21.8 Andrew Wiggins
21%
20.8 Collin Sexton
21%
20.6 Spencer Dinwiddie
18%
No matching quizzes found
Score Distribution
Percent of People with Each Score
Percentile by Number Answered
Your Score History
You have not taken this quiz